01359cam a2200265 a 450000500170000000800410001702000150005804000350007304100080010804400070011608200170012311001320014024501750027226001550044730000660060250400660066865000570073465000470079165000440083865100500088265100450093270000390097770000380101670000390105420150925095616.0991126t00001999ck bco 0 spa d a9586018555 aCO-BoPUJcCO-BoIAVHdCO-BoIAVH0 aspa ack04a986.17bC65g1 aColombia. Ministerio del Medio Ambiente. Sistema Nacional Ambiental. Instituto Amazonico de Investigaciones Cientificas. Sinchi 0aGuaviarebpoblación y territorio /cInstituto Amazonico de Investigaciones Cientificas ; compilación Oscar Hernando Arcila, Gloria Ines Gonzalez, Carlos Ariel Salazar aSanta Fe de Bogota (Colombia):bInstituto Amazónico de investigaciones científicas (SINCHI):bMinisterio del Medio Ambiente:bTercer Mundo,c1999. a194, [4] páginas :bilustraciones, tablas y mapas ;c24 cm. aIncluye referencias bibliográficas (páginas 195-197).b6324aNarcotraficoxAspectos socialesxGuaviare (Colombia)24aAsentamientos humanosxGuaviare (Colombia)24aReservas naturalesxGuaviare (Colombia) 4aGuaviare (Colombia)xColonizaciónxHistoria 4aGuaviare (Colombia)xCondiciones rurales1 aGonzalez, Gloria IneseCompiladora1 aSalazar, Carlos ArieleCompilador1 aArcila, Oscar HernandoeCompilador